000 00320nam a22001217a 4500
008 180522b xxu||||| |||| 00| 0 eng d
041 _aeng
080 _a043.3
100 _a0
101 _aMBE-MA
245 _aDevelopment of Banking Sector and Impact on Economic Growth - Case of Kosovo
_cZenelaj, A
942 _2udc
_cBK
999 _c46212
_d46212